000 00351 a2200169 4500
001 73513
020 _a850802689 7
040 _cAnchieta - Colégio São Paulo
100 _aAzevedo, Aluísio
240 1 0 _aContos
_lpor
245 1 0 _aContos
300 _a80
362 0 _a2000
440 1 _aÁtica
650 4 _aFicção brasileira
942 _cBK
999 _c73513
_d73513